[Event "Riadh Rapid op"]
[Site "Riadh"]
[Date "2023.03.18"]
[Round "7"]
[White "Al Qudaimi, Basheer"]
[Black "Alhassadi, Yousef A"]
[Result "0-1"]
[WhiteElo "2401"]
[BlackElo "2030"]
[PlyCount "79"]
[EventDate "2023.03.17"]
[EventType "swiss (rapid)"]
[EventRounds "9"]
[EventCountry "SAU"]
[SourceTitle "CBM 213 Extra"]
[Source "ChessBase"]
[SourceDate "2023.05.31"]
[SourceVersion "1"]
[SourceVersionDate "2023.05.31"]
[SourceQuality "1"]

1. e4 c5 2. Ne2 Nc6 3. d4 cxd4 4. Nxd4 g6 5. g3 Bg7 6. Ne2 d6 7. Bg2 Nf6 8. 0-0 0-0 9. Nbc3 Bd7 10. h3 Rc8 11. Rb1 a6 12. Bg5 h6 13. Be3 b5 14. Qd2 Ne5 15. b3 Bxh3 16. f4 Bxg2 17. fxe5 Nxe4 18. Nxe4 Bxe4 19. Nc3 Bb7 20. Rbd1 dxe5 21. Qh2 Qc7 22. Nd5 Bxd5 23. Rxd5 Qxc2 24. Rd2 Qc3 25. Bxh6 Rcd8 26. Rg2 e4 27. Qh4 Qd4+ 28. Kh1 Rd5 29. Bxg7 Kxg7 30. Qxe7 Rh5+ 31. Rh2 Rxh2+ 32. Kxh2 Rh8+ 33. Kg2 Qd2+ 34. Rf2 Rh2+ 35. Kxh2 Qxf2+ 36. Kh3 Qf5+ 37. Kg2 Qf3+ 38. Kh2 e3 39. Qe5+ Kh7 40. Qc3 0-1

[Event "Riadh Rapid op"]
[Site "Riadh"]
[Date "2023.03.18"]
[Round "6"]
[White "Njili, Kamel"]
[Black "Alhassadi, Yousef A"]
[Result "0-1"]
[WhiteElo "2412"]
[BlackElo "2030"]
[PlyCount "80"]
[EventDate "2023.03.17"]
[EventType "swiss (rapid)"]
[EventRounds "9"]
[EventCountry "SAU"]
[SourceTitle "CBM 213 Extra"]
[Source "ChessBase"]
[SourceDate "2023.05.31"]
[SourceVersion "1"]
[SourceVersionDate "2023.05.31"]
[SourceQuality "1"]

1. d4 d5 2. c4 e6 3. Nc3 c5 4. Nf3 Nf6 5. cxd5 exd5 6. Bg5 Be6 7. e3 c4 8. Be2 Nbd7 9. 0-0 Bb4 10. Ne5 0-0 11. Nxd7 Qxd7 12. Bxf6 gxf6 13. Bf3 Rfd8 14. Ne2 f5 15. Nf4 b5 16. g3 a5 17. Bg2 Be7 18. Qh5 Kh8 19. g4 Rg8 20. gxf5 Bxf5 21. Kh1 Rg5 22. Qxf7 Be4 23. Bxe4 dxe4 24. Ne6 Rg6 25. Rg1 Qxe6 26. Qxe6 Rxe6 27. Rg4 b4 28. Rc1 Rc8 29. Kg2 c3 30. Kf1 Rec6 31. b3 Re6 32. Ke2 Ra8 33. f3 exf3+ 34. Kxf3 a4 35. Re4 Rxe4 36. Kxe4 axb3 37. axb3 Ra3 38. Rb1 Rxb3 39. Rc1 Rb2 40. Kd5 c2 0-1

[Event "Riadh Rapid op"]
[Site "Riadh"]
[Date "2023.03.17"]
[Round "1"]
[White "Alhassadi, Yousef A"]
[Black "Alrais, Souad Motaz Bashir"]
[Result "1-0"]
[WhiteElo "2030"]
[BlackElo "1331"]
[PlyCount "43"]
[EventDate "2023.03.17"]
[EventType "swiss (rapid)"]
[EventRounds "9"]
[EventCountry "SAU"]
[SourceTitle "CBM 213 Extra"]
[Source "ChessBase"]
[SourceDate "2023.05.31"]
[SourceVersion "1"]
[SourceVersionDate "2023.05.31"]
[SourceQuality "1"]

1. e4 c5 2. c3 d5 3. exd5 Qxd5 4. Nf3 Nc6 5. Na3 g6 6. d4 Bg7 7. Nb5 Qd7 8. Bf4 f6 9. Nc7+ Kf8 10. Nxa8 e5 11. dxe5 fxe5 12. Be3 b6 13. Qxd7 Bxd7 14. Nc7 Bf5 15. Bc4 e4 16. Ng5 Nce7 17. Rd1 Nc6 18. Nge6+ Bxe6 19. Nxe6+ Kf7 20. Nd8+ Kf6 21. Nxc6 Ne7 22. Rd6+ 1-0

[Event "Arab-ch U16"]
[Site "Baghdad"]
[Date "2022.03.14"]
[Round "6"]
[White "Al Zadjali, Abdul Rahman"]
[Black "Alhassadi, Yousef A"]
[Result "0-1"]
[WhiteElo "1769"]
[BlackElo "1989"]
[PlyCount "112"]
[EventDate "2022.03.10"]
[EventType "swiss"]
[EventRounds "9"]
[EventCountry "IRQ"]
[SourceTitle "EXT 2023"]
[Source "ChessBase"]
[SourceDate "2022.10.05"]
[SourceVersion "1"]
[SourceVersionDate "2022.10.05"]
[SourceQuality "1"]

1. d4 Nf6 2. c4 g6 3. Nc3 d5 4. cxd5 Nxd5 5. Bd2 Bg7 6. e4 Nxc3 7. Bxc3 0-0 8. h3 c5 9. d5 e6 10. d6 Bxc3+ 11. bxc3 Qf6 12. Qf3 Qe5 13. Qd3 Rd8 14. Rd1 Nc6 15. Nf3 Qf4 16. g3 Qf6 17. Bg2 b6 18. 0-0 Bb7 19. Nh2 Ne5 20. Qe2 Qg7 21. f4 Nd7 22. e5 Bxg2 23. Kxg2 Rac8 24. Qc4 Kh8 25. Rfe1 g5 26. Nf3 gxf4 27. Qxf4 Rg8 28. h4 h6 29. Re3 c4 30. Nd2 Rc5 31. Rde1 b5 32. a4 a6 33. Nf3 Nb6 34. Qf6 Nd5 35. Qxg7+ Rxg7 36. Re4 Nxc3 37. Rd4 Nd5 38. axb5 axb5 39. Nd2 Rc8 40. Ne4 Rgg8 41. d7 Rcd8 42. Nf6 Rg6 43. Rxd5 exd5 44. e6 fxe6 45. Rxe6 Rxf6 46. Rxf6 Rxd7 47. Rxh6+ Kg7 48. Rb6 d4 49. Rxb5 d3 50. Rc5 d2 51. Rxc4 d1Q 52. Rf4 Rd2+ 53. Kh3 Rd3 54. Rf5 Qh1+ 55. Kg4 Rd4+ 56. Kh5 Qd1+ 0-1

[Event "Arab-ch U16"]
[Site "Baghdad"]
[Date "2022.03.13"]
[Round "5"]
[White "Alhassadi, Yousef A"]
[Black "Hallal, Tarik"]
[Result "1-0"]
[WhiteElo "1989"]
[BlackElo "1991"]
[PlyCount "73"]
[EventDate "2022.03.10"]
[EventType "swiss"]
[EventRounds "9"]
[EventCountry "IRQ"]
[SourceTitle "EXT 2023"]
[Source "ChessBase"]
[SourceDate "2022.10.05"]
[SourceVersion "1"]
[SourceVersionDate "2022.10.05"]
[SourceQuality "1"]

1. e4 c5 2. Nf3 d6 3. d4 cxd4 4. Nxd4 Nf6 5. Nc3 a6 6. Bc4 e6 7. Bb3 Be7 8. Qf3 Nbd7 9. Qg3 Nc5 10. Qf3 Bd7 11. Be3 Rc8 12. g4 h6 13. h4 b5 14. g5 hxg5 15. hxg5 Rxh1+ 16. Qxh1 Ng4 17. g6 fxg6 18. Qg2 e5 19. Ne6 Nxb3 20. Nxd8 Nxa1 21. Nb7 b4 22. Nd5 Rxc2 23. Nxe7 Kxe7 24. Bg5+ Nf6 25. Bxf6+ Kxf6 26. Qf3+ Ke7 27. Qg3 Bc6 28. Qg5+ Kf7 29. Nxd6+ Kg8 30. Qd8+ Kh7 31. Nf7 Rc1+ 32. Kd2 Rc2+ 33. Kd3 g5 34. Qh8+ Kg6 35. Nxe5+ Kf6 36. Nxc6 Rxc6 37. Qd8+ 1-0

[Event "Sousse BICA U16 op 1st"]
[Site "Sousse"]
[Date "2021.12.21"]
[Round "7"]
[White "Alhassadi, Yousef A"]
[Black "Al Busaidi, Hamood"]
[Result "1/2-1/2"]
[WhiteElo "2025"]
[BlackElo "1721"]
[PlyCount "71"]
[EventDate "2021.12.18"]
[EventType "swiss"]
[EventRounds "9"]
[EventCountry "TUN"]
[SourceTitle "CBM 205 Extra"]
[Source "ChessBase"]
[SourceDate "2022.01.31"]
[SourceVersion "1"]
[SourceVersionDate "2022.01.31"]
[SourceQuality "1"]

1. d4 Nf6 2. Nc3 d5 3. Bg5 e6 4. e4 Be7 5. e5 Nfd7 6. h4 a6 7. Bxe7 Qxe7 8. Qg4 Rg8 9. Qh5 h6 10. 0-0-0 c5 11. f4 Nc6 12. Nf3 b5 13. f5 Nb6 14. Ne2 exf5 15. dxc5 Qxc5 16. Ned4 Qf8 17. Ne1 Nxd4 18. Rxd4 Qc5 19. c3 Be6 20. Nd3 Qc7 21. g3 0-0-0 22. Bh3 Kb7 23. Re1 Na4 24. Kd2 Nc5 25. Nxc5+ Qxc5 26. Qf3 g6 27. Kc1 Qc7 28. g4 fxg4 29. Bxg4 Qd7 30. Red1 h5 31. Bxe6 fxe6 32. Rf4 Qc6 33. Rf7+ Rd7 34. Rxd7+ Qxd7 35. Qf6 Qe8 36. Rf1 1/2-1/2

[Event "Sousse BICA U16 op 1st"]
[Site "Sousse"]
[Date "2021.12.20"]
[Round "5"]
[White "Alhassadi, Yousef A"]
[Black "El Behi, Hatem"]
[Result "1-0"]
[WhiteElo "2025"]
[BlackElo "1365"]
[PlyCount "91"]
[EventDate "2021.12.18"]
[EventType "swiss"]
[EventRounds "9"]
[EventCountry "TUN"]
[SourceTitle "CBM 205 Extra"]
[Source "ChessBase"]
[SourceDate "2022.01.31"]
[SourceVersion "1"]
[SourceVersionDate "2022.01.31"]
[SourceQuality "1"]

1. e4 c6 2. d4 d5 3. Nc3 dxe4 4. Nxe4 Bf5 5. Ng3 Bg6 6. h4 h6 7. Nf3 Nd7 8. Bd3 Bxd3 9. Qxd3 e6 10. Bf4 Qa5+ 11. c3 Ngf6 12. 0-0 Be7 13. Rfe1 0-0 14. Nf5 Qxf5 15. Qxf5 exf5 16. Rxe7 Rfe8 17. Rae1 Rxe7 18. Rxe7 Re8 19. Rxe8+ Nxe8 20. Nd2 Nb6 21. c4 Na4 22. d5 cxd5 23. cxd5 Nb6 24. d6 Nd7 25. Nc4 b6 26. Ne5 Nef6 27. Nc6 Nd5 28. Bd2 a5 29. Ne7+ Nxe7 30. dxe7 Nf6 31. a4 Ne8 32. Be3 f6 33. Bxb6 Kf7 34. Bxa5 Kxe7 35. Kf1 Kd6 36. Ke2 Kc6 37. Bb4 g5 38. Bc3 Kc5 39. Kd3 Kc6 40. b4 h5 41. f3 g4 42. Kc4 Nd6+ 43. Kb3 gxf3 44. gxf3 Ne8 45. b5+ Kb6 46. Kb4 1-0

[Event "Africa-ch U12"]
[Site "Cairo"]
[Date "2017.12.06"]
[Round "6.2"]
[White "Alhassadi, Yousef A"]
[Black "Fahmi, Adham"]
[Result "1-0"]
[WhiteElo "1829"]
[BlackElo "1510"]
[PlyCount "57"]
[EventDate "2017.12.03"]
[EventType "swiss"]
[EventRounds "9"]
[EventCountry "EGY"]
[SourceTitle "EXT 2024"]
[Source "ChessBase"]
[SourceDate "2023.10.10"]
[SourceVersion "1"]
[SourceVersionDate "2023.10.10"]
[SourceQuality "1"]

1. e4 d6 2. d4 Nf6 3. Nc3 Nbd7 4. f4 e5 5. Nf3 exd4 6. Qxd4 c6 7. Bc4 h6 8. h3 Be7 9. Be3 d5 10. exd5 Bc5 11. Qd3 Qe7 12. Kf2 Nb6 13. Rhe1 0-0 14. Ne5 cxd5 15. Nxd5 Nfxd5 16. Bxd5 Bxe3+ 17. Rxe3 Qh4+ 18. g3 Qxh3 19. Nxf7 Qh2+ 20. Ke1 Nxd5 21. Qxd5 Qg1+ 22. Kd2 Qxa1 23. Ng5+ Kh8 24. Nf7+ Kh7 25. Re7 Qxb2 26. Qe4+ Kg8 27. Nxh6+ Kh8 28. Nf7+ Rxf7 29. Re8+ 1-0

[Event "Africa-ch U12"]
[Site "Cairo"]
[Date "2017.12.04"]
[Round "2.1"]
[White "Alhassadi, Yousef A"]
[Black "Hemeida, Eyad"]
[Result "1-0"]
[WhiteElo "1829"]
[BlackElo "1612"]
[PlyCount "129"]
[EventDate "2017.12.03"]
[EventType "swiss"]
[EventRounds "9"]
[EventCountry "EGY"]
[SourceTitle "EXT 2024"]
[Source "ChessBase"]
[SourceDate "2023.10.10"]
[SourceVersion "1"]
[SourceVersionDate "2023.10.10"]
[SourceQuality "1"]

1. e4 c5 2. Nf3 g6 3. d4 cxd4 4. Nxd4 Nc6 5. Nc3 Bg7 6. Be3 Nf6 7. Bc4 Qa5 8. 0-0 0-0 9. Bb3 d6 10. h3 Bd7 11. a3 Qh5 12. Qxh5 Nxh5 13. Rad1 Rfd8 14. Rfe1 a6 15. Nd5 Nf6 16. Nb6 Rab8 17. f3 Nxd4 18. Bxd4 Bc6 19. Be3 Nd7 20. c3 Nxb6 21. Bxb6 Rd7 22. a4 e6 23. Rd3 Bf8 24. Red1 Be7 25. c4 Bd8 26. Be3 Bc7 27. c5 d5 28. exd5 exd5 29. Bd4 b5 30. cxb6 Bxb6 31. Bxb6 Rxb6 32. a5 Rxb3 33. Rxb3 Ba4 34. Rb8+ Kg7 35. b3 Bb5 36. Rd4 Kf6 37. f4 Ke6 38. Rb6+ Rd6 39. Rxd6+ Kxd6 40. b4 Bc4 41. Kf2 Kc6 42. Rd1 Kb5 43. Rb1 Bd3 44. Rb2 d4 45. g3 Kc4 46. b5 axb5 47. a6 Be4 48. Re2 Bc6 49. a7 Kc3 50. Re8 Bd5 51. a8Q Bxa8 52. Rxa8 b4 53. Ke2 d3+ 54. Kd1 b3 55. Rc8+ Kb2 56. Kd2 Ka2 57. Ra8+ Kb1 58. Kxd3 b2 59. Kd2 f5 60. Rb8 h5 61. Kc3 Ka1 62. Rxb2 g5 63. Rb8 gxf4 64. Kc2 f3 65. Ra8# 1-0

[Event "Africa-ch U12"]
[Site "Cairo"]
[Date "2017.12.03"]
[Round "1.1"]
[White "Abdel Raouf, Zyad"]
[Black "Alhassadi, Yousef A"]
[Result "0-1"]
[WhiteElo "1488"]
[BlackElo "1829"]
[PlyCount "36"]
[EventDate "2017.12.03"]
[EventType "swiss"]
[EventRounds "9"]
[EventCountry "EGY"]
[SourceTitle "EXT 2024"]
[Source "ChessBase"]
[SourceDate "2023.10.10"]
[SourceVersion "1"]
[SourceVersionDate "2023.10.10"]
[SourceQuality "1"]

1. e4 c5 2. Nf3 d6 3. Nc3 Nf6 4. d4 cxd4 5. Nxd4 g6 6. Bd3 Bg7 7. Bg5 h6 8. Be3 0-0 9. Qd2 Ng4 10. 0-0 Nxe3 11. Qxe3 Nc6 12. Nf3 Bg4 13. Be2 Bxf3 14. Bxf3 Nd4 15. Qd3 Rc8 16. Rad1 Qd7 17. a3 a6 18. Rfe1 e6 0-1